000 00527nam a2200181Ia 4500
003 OSt
005 20200206150258.0
008 190216s9999||||xx |||||||||||||| ||und||
020 _a9788182715967
040 _coclc
082 _a297.61
_bFAI/I
100 _aFaizi, K A Khadir
_91869
245 0 _aImam Ahmedbnu Hambal /
_cK A Khadir Faizi
260 _bIslamic Publishing House,
_c2012.
_aKozhikode:
300 _a120p
650 _aIslamic History
942 _cBK
_2ddc
_h297.61
_iFAI/I
_k297.61
_mFAI/I
999 _c23004
_d23004